Capitales mundiales más cercanas a Ámsterdam - sprint de 15 segundos - Estadísticas

Estadísticas generales
  • Esta prueba ha sido intentada 22 veces
  • La puntuación promedio es 6 de 20
Estadísticas de respuestas
km capital % Correcto
173 Bruselas
100%
578 Berlín
75%
430 París
75%
358 Londres
60%
319 Luxemburgo
60%
756 Dublin
35%
936 Viena
30%
631 Berna
25%
914 Oslo
20%
622 Copenhague
15%
1125 Estocolmo
15%
713 Praga
15%
670 Vaduz
15%
1126 Andorra la Vieja
5%
979 Mónaco
5%
1098 Varsovia
5%
987 Bratislava
0%
989 Liubliana
0%
1091 San Marino
0%
1086 Zagreb
0%
No se encontraron pruebas coincidentes
Distribución de puntuación
Porcentaje de gente con cada puntuación
Porcentaje por número respondido
Historial de tus puntuaciones
No has intentado esta prueba.